Online
Catalog

El libro de la risa y el olvido / (Record no. 21616)

MARC details
000 -CABECERA
campo de control de longitud fija 01005nam a2200289 a 4500
001 - NÚMERO DE CONTROL
campo de control 000022118
005 - FECHA Y HORA DE LA ÚLTIMA TRANSACCIÓN
campo de control 20200930011605.0
008 - DATOS DE LONGITUD FIJA--INFORMACIÓN GENERAL
campo de control de longitud fija 100916s1987 ag r 000 fbspa d
020 ## - NÚMERO INTERNACIONAL ESTÁNDAR DEL LIBRO
Número Internacional Estándar del Libro 9503701910
040 ## - FUENTE DE LA CATALOGACIÓN
Centro catalogador/agencia de origen DO-SdBNP
Lengua de catalogación spa
Centro/agencia transcriptor BNPHU
082 ## - NÚMERO DE LA CLASIFICACIÓN DECIMAL DEWEY
Número de clasificación 891.863
Número de documento/Ítem K96l, 1987
049 ## - FONDOS LOCALES (OCLC)
Fondos de biblioteca BNGR
100 1# - ENTRADA PRINCIPAL--NOMBRE DE PERSONA
Nombre de persona Kundera, Milan,
Fechas asociadas al nombre 1929-
9 (RLIN) 45818
240 10 - TÍTULO UNIFORME
Título uniforme Kniha smichu a zapomněni.
Lenguaje de la obra Español
245 13 - MENCIÓN DE TÍTULO
Título El libro de la risa y el olvido /
Mención de responsabilidad, etc. Milan Kundera; traducción de Fernando de Valenzuela.
250 ## - MENCIÓN DE EDICIÓN
Mención de edición 4a ed.
260 ## - PUBLICACIÓN, DISTRIBUCIÓN, ETC.
Lugar de publicación, distribución, etc. Barcelona, (Español) :
Nombre del editor, distribuidor, etc. Seix Barral :
-- Sudamerica-Planeta,
Fecha de publicación, distribución, etc. 1987.
300 ## - DESCRIPCIÓN FÍSICA
Extensión 327 p. ;
Dimensiones 20 cm.
490 1# - MENCIÓN DE SERIE
Mención de serie Seix Barral;
Designación de volumen o secuencia 16
500 ## - NOTA GENERAL
Nota general Incluye notas al pie de las páginas
534 ## - NOTA SOBRE LA VERSIÓN ORIGINAL
Encabezamiento principal del original Tíitulo original :
Mención de título del original Kniha smichu a zapomněni
650 #4 - PUNTO DE ACCESO ADICIONAL DE MATERIA--TÉRMINO DE MATERIA
Término de materia o nombre geográfico como elemento de entrada Novela checoslovaca
9 (RLIN) 45819
650 #4 - PUNTO DE ACCESO ADICIONAL DE MATERIA--TÉRMINO DE MATERIA
Término de materia o nombre geográfico como elemento de entrada Literatura checoslovaca
9 (RLIN) 45820
650 #4 - PUNTO DE ACCESO ADICIONAL DE MATERIA--TÉRMINO DE MATERIA
Término de materia o nombre geográfico como elemento de entrada Expatriación en literatura
9 (RLIN) 45821
700 1# - PUNTO DE ACCESO ADICIONAL--NOMBRE DE PERSONA
Nombre de persona Valenzuela, Fernando de
Término indicativo de función/relación tr.
9 (RLIN) 45822
830 #0 - PUNTO DE ACCESO ADICIONAL DE SERIE-TÍTULO UNIFORME
Título uniforme Seix Barral;
Designación de volumen o secuencia 16
9 (RLIN) 45046
Holdings
Estado de retiro Estado de pérdida Restricciones de uso No para préstamo Código de colección Localización permanente Ubicación/localización actual Ubicación en estantería Fecha de adquisición Número de inventario Total de préstamos Signatura topográfica completa Código de barras Fecha visto por última vez Precio válido a partir de Tipo de ítem Koha
        Monografías: Libros y Folletos General General En catalogación 16.09.2010 LF1   891.863 K96l, 1987 22118-10 25.06.2020 25.06.2020 Préstamo en sala

Powered by Koha